|
|
|
|
| LEADER |
00000nam2a2200000 4500 |
| 001 |
227800 |
| 005 |
20231101230826.0 |
| 035 |
|
|
|a (RuTPU)RU\TPU\book\248243
|
| 035 |
|
|
|a RU\TPU\book\248242
|
| 090 |
|
|
|a 227800
|
| 100 |
|
|
|a 20121211d2012 m y0rusy50 ca
|
| 101 |
0 |
|
|a rus
|
| 102 |
|
|
|a RU
|
| 105 |
|
|
|a a j 001zy
|
| 200 |
0 |
|
|a Ч. 2
|
| 210 |
|
|
|d 2012
|
| 215 |
|
|
|a 212 с.
|c ил.
|
| 320 |
|
|
|a Библиогр.: с. 207-208.
|
| 330 |
|
|
|a Во второй части учебного пособия рассмотрены вопросы устройства и применения металлорежущих станков, классификации, выбора и применения приспособлений по группам станков, обработки заготовок на металлорежущих станках лезвийным инструментом, а также технологии обработки некоторых типовых деталей. Учебное пособие рассчитано на студентов высших технических учебных заведений. Кроме того, оно может быть полезно учащимся колледжей и лицеев, изучающих механическую обработку металлов.
|
| 461 |
|
1 |
|0 (RuTPU)RU\TPU\book\249084
|t Обработка материалов резанием
|o учебное пособие
|o в 2 ч.
|f И. Н. Шепелева [и др.]
|g Сибирский государственный технологический университет (СибГТУ)
|v Ч. 2
|d 2012
|
| 606 |
1 |
|
|a Резание материалов
|2 stltpush
|3 (RuTPU)RU\TPU\subj\24497
|9 48835
|
| 610 |
1 |
|
|a токарные станки
|
| 610 |
1 |
|
|a фрезерные станки
|
| 610 |
1 |
|
|a зубообрабатывающие станки
|
| 610 |
1 |
|
|a сверлильные станки
|
| 610 |
1 |
|
|a расточные станки
|
| 610 |
1 |
|
|a строгальные станки
|
| 610 |
1 |
|
|a долбежные станки
|
| 610 |
1 |
|
|a протяжные станки
|
| 610 |
1 |
|
|a обработка резанием
|
| 610 |
1 |
|
|a технологические процессы
|
| 610 |
1 |
|
|a механизация
|
| 610 |
1 |
|
|a автоматизация
|
| 610 |
1 |
|
|a учебные пособия
|
| 675 |
|
|
|a 621.91(075.8)
|v 3
|
| 801 |
|
1 |
|a RU
|b 63413507
|c 20121211
|
| 801 |
|
2 |
|a RU
|b 63413507
|c 20140228
|g RCR
|
| 942 |
|
|
|c BK
|